| 000 | 00747nam a22002177a 4500 | ||
|---|---|---|---|
| 999 |
_c14015 _d14015 |
||
| 003 | AR-CdUCM | ||
| 008 | 190417b ||||| |||| 00| 0 spa d | ||
| 040 |
_aMUNICIPALIDAD PROVINCIAL DEL CUSCO _cBIBLIOTECA MUNICIPAL DEL CUSCO |
||
| 082 |
_a985.01 / _bB95 |
||
| 100 |
_aBushnell, Geoffry Hext Southerland. _932676 |
||
| 245 | _aPerú / | ||
| 260 |
_aLondon : _bThames and Hudson, _c1956. |
||
| 300 |
_a216 paginas ; _bIlustraciones, _c20 cm. |
||
| 505 | _aContenido : Introducction -- The early hunterrs -- The early farmers -- The formative period -- The classic period... | ||
| 650 |
_aPerú _935 |
||
| 650 |
_aCusco _9772 |
||
| 650 |
_aArqueología _9371 |
||
| 650 |
_aHistoria _9136 |
||
| 942 |
_2ddc _cLIBROS |
||
| 945 |
_awnts _d2019-04-17 |
||